[Event "Reunion op 12th"]
[Site "St Denis"]
[Date "2010.10.16"]
[Round "9"]
[White "Hoareau, Hugues"]
[Black "Hamon, Christian"]
[Result "1/2-1/2"]
[WhiteElo "1976"]
[BlackElo "2018"]
[PlyCount "58"]
[EventDate "2010.10.09"]
[EventType "swiss"]
[EventRounds "9"]
[EventCountry "RUF"]
[SourceTitle "CBM 138 Extra"]
[Source "ChessBase"]
[SourceDate "2010.10.29"]
[SourceVersion "1"]
[SourceVersionDate "2010.10.29"]
[SourceQuality "1"]

1. e4 Nf6 2. Nc3 d6 3. d4 g6 4. h3 Bg7 5. Bd3 c6 6. Be3 b5 7. f4 b4 8. Nce2 a5 9. Nf3 Na6 10. g4 Qc7 11. Ng3 c5 12. g5 Nd7 13. Bb5 Qb7 14. Qd3 Rb8 15. Ba4 0-0 16. c3 e5 17. dxe5 Nb6 18. Bc2 dxe5 19. Nd2 c4 20. Nxc4 Nxc4 21. Qxc4 Be6 22. Qe2 exf4 23. Bxf4 bxc3 24. b3 Rbc8 25. h4 Nb4 26. 0-0 Nxc2 27. Qxc2 Rfd8 28. Rab1 Qb6+ 29. Kg2 Qb5 1/2-1/2

[Event "Reunion op 10th"]
[Site "St Denis"]
[Date "2008.10.17"]
[Round "8"]
[White "Adrian, Claude"]
[Black "Hoareau, Hugues"]
[Result "1-0"]
[WhiteElo "2294"]
[BlackElo "2001"]
[PlyCount "57"]
[EventDate "2008.10.11"]
[EventType "swiss"]
[EventRounds "9"]
[EventCountry "RUF"]
[SourceTitle "EXT 2009"]
[Source "ChessBase"]
[SourceDate "2008.11.26"]
[SourceVersion "1"]
[SourceVersionDate "2008.11.26"]
[SourceQuality "1"]

1. Nf3 c5 2. c4 Nf6 3. Nc3 Nc6 4. e3 d5 5. cxd5 Nxd5 6. d4 cxd4 7. exd4 e6 8. Bd3 Be7 9. 0-0 0-0 10. a3 Bf6 11. Bc2 Nde7 12. Qd3 Ng6 13. Rd1 Qa5 14. Ne4 Nb4 15. Nxf6+ gxf6 16. axb4 Qxa1 17. h4 Qa6 18. b5 Qd6 19. h5 Kg7 20. hxg6 hxg6 21. Qe4 Bd7 22. Bf4 Qe7 23. Qxb7 Rh8 24. Be4 Rae8 25. Bc6 Rd8 26. Bc7 Ra8 27. Ba5 Rad8 28. Bxd8 Rxd8 29. Ra1 1-0

[Event "Reunion op 08th"]
[Site "Etang Sale"]
[Date "2006.10.21"]
[Round "9"]
[White "Hoareau, Hugues"]
[Black "Dalleau, Philippe"]
[Result "0-1"]
[WhiteElo "2009"]
[BlackElo "1830"]
[PlyCount "78"]
[EventDate "2006.10.14"]
[EventType "swiss"]
[EventRounds "9"]
[EventCountry "FRA"]
[SourceTitle "EXT 2007"]
[Source "ChessBase"]
[SourceDate "2006.11.23"]
[SourceVersion "1"]
[SourceVersionDate "2006.11.23"]
[SourceQuality "1"]

1. c4 c5 2. e4 Nc6 3. Nc3 g6 4. f4 Bg7 5. Nf3 d6 6. d3 e6 7. Be2 Nge7 8. a3 0-0 9. Bd2 Bd7 10. Rb1 Rc8 11. b4 b6 12. b5 Nd4 13. a4 Qc7 14. g4 Rce8 15. h4 f5 16. gxf5 exf5 17. Nxd4 Bxd4 18. Bf3 fxe4 19. dxe4 Be6 20. Ne2 Bg7 21. Qb3 Qd7 22. Be3 Bg4 23. Kf2 Be6 24. Rbg1 Rf6 25. Qd3 Ref8 26. h5 Qe8 27. h6 Bh8 28. f5 Qf7 29. Bg5 Bxc4 30. Qc2 d5 31. Bxf6 Bxf6 32. Rg4 dxe4 33. Bxe4 Be5 34. Ke1 Bb3 35. Qd2 Nxf5 36. Rh3 Nd4 37. Nf4 Be6 38. Rf3 Nxf3+ 39. Bxf3 Bxg4 0-1

[Event "Sainte Marie op"]
[Site "Sainte Marie"]
[Date "2005.10.23"]
[Round "9"]
[White "Letreguilly, Olivier"]
[Black "Hoareau, Hugues"]
[Result "1-0"]
[WhiteElo "2295"]
[BlackElo "2022"]
[PlyCount "25"]
[EventDate "2005.10.15"]
[EventType "swiss"]
[EventRounds "9"]
[EventCountry "FRA"]
[SourceTitle "EXT 2006"]
[Source "ChessBase"]
[SourceDate "2005.11.24"]
[SourceVersion "1"]
[SourceVersionDate "2005.11.24"]
[SourceQuality "1"]

1. e4 e5 2. Nf3 d6 3. d4 exd4 4. Qxd4 Nc6 5. Bb5 Bd7 6. Bxc6 Bxc6 7. Nc3 Nf6 8. Bg5 Be7 9. 0-0-0 0-0 10. Rhe1 Nd5 11. exd5 Bxg5+ 12. Nxg5 Qxg5+ 13. f4 1-0

[Event "Sainte Marie op"]
[Site "Sainte Marie"]
[Date "2005.10.17"]
[Round "3"]
[White "Rodier, David"]
[Black "Hoareau, Hugues"]
[Result "1/2-1/2"]
[WhiteElo "2176"]
[BlackElo "2022"]
[PlyCount "45"]
[EventDate "2005.10.15"]
[EventType "swiss"]
[EventRounds "9"]
[EventCountry "FRA"]
[SourceTitle "EXT 2006"]
[Source "ChessBase"]
[SourceDate "2005.11.24"]
[SourceVersion "1"]
[SourceVersionDate "2005.11.24"]
[SourceQuality "1"]

1. d4 f5 2. Nf3 Nf6 3. g3 e6 4. Bg2 d5 5. 0-0 Bd7 6. c4 c6 7. b3 Be7 8. a4 0-0 9. Ba3 a5 10. Ne5 Be8 11. Nd2 Ra6 12. Bxe7 Qxe7 13. Nd3 Nbd7 14. Nf3 b6 15. Nfe5 Nxe5 16. Nxe5 Qd6 17. Qd3 Ra7 18. Rfd1 Nd7 19. Nxd7 Bxd7 20. f3 f4 21. e4 fxg3 22. e5 gxh2+ 23. Kxh2 1/2-1/2

[Event "Sainte Marie op"]
[Site "Sainte Marie"]
[Date "2005.10.16"]
[Round "2"]
[White "Hoareau, Hugues"]
[Black "Dalleau, Philippe"]
[Result "1-0"]
[WhiteElo "2022"]
[BlackElo "1840"]
[PlyCount "57"]
[EventDate "2005.10.15"]
[EventType "swiss"]
[EventRounds "9"]
[EventCountry "FRA"]
[SourceTitle "EXT 2006"]
[Source "ChessBase"]
[SourceDate "2005.11.24"]
[SourceVersion "1"]
[SourceVersionDate "2005.11.24"]
[SourceQuality "1"]

1. e4 c5 2. c4 Nc6 3. f4 g6 4. Nf3 Bg7 5. Nc3 d6 6. h4 Bg4 7. g3 Nf6 8. Bg2 Nd4 9. 0-0 0-0 10. d3 e6 11. Ne2 Bxf3 12. Bxf3 Nxf3+ 13. Rxf3 Ng4 14. Nc3 Bd4+ 15. Kg2 h5 16. f5 exf5 17. exf5 Bxc3 18. bxc3 Qd7 19. d4 cxd4 20. cxd4 Qc6 21. Qd3 Kh7 22. Bd2 d5 23. Rc1 dxc4 24. Rxc4 Qd5 25. Rc5 Qd7 26. fxg6+ fxg6 27. Rxh5+ Kg7 28. Rg5 Rxf3 29. Qxg6+ 1-0

[Event "Reunion op 07th"]
[Site "Reunion"]
[Date "2004.10.14"]
[Round "6"]
[White "Touze, Jean Paul"]
[Black "Hoareau, Hugues"]
[Result "1-0"]
[WhiteElo "2123"]
[BlackElo "2088"]
[PlyCount "27"]
[EventDate "2004.10.09"]
[EventType "swiss"]
[EventRounds "9"]
[EventCountry "RUF"]
[SourceTitle "CBM 102 Extra"]
[Source "ChessBase"]
[SourceDate "2004.11.03"]
[SourceVersion "1"]
[SourceVersionDate "2004.11.03"]
[SourceQuality "1"]

1. e4 e5 2. Bc4 d6 3. d3 g6 4. f4 Bg7 5. fxe5 Bxe5 6. Nf3 Bg4 7. Bxf7+ Kf8 8. 0-0 Bd4+ 9. Nxd4 Bxd1 10. Ne6+ Ke7 11. Bg5+ Kd7 12. Nxd8 Bxc2 13. Be6+ Ke8 14. Nf7 1-0

[Event "Reunion op 07th"]
[Site "Reunion"]
[Date "2004.10.11"]
[Round "4"]
[White "Olivier, Jean"]
[Black "Hoareau, Hugues"]
[Result "0-1"]
[WhiteElo "1700"]
[BlackElo "2088"]
[PlyCount "99"]
[EventDate "2004.10.09"]
[EventType "swiss"]
[EventRounds "9"]
[EventCountry "RUF"]
[SourceTitle "CBM 102 Extra"]
[Source "ChessBase"]
[SourceDate "2004.11.03"]
[SourceVersion "1"]
[SourceVersionDate "2004.11.03"]
[SourceQuality "1"]

1. e4 e5 2. Nf3 Nc6 3. Bc4 Bc5 4. c3 Nf6 5. d3 h6 6. Bb3 0-0 7. Bc2 d5 8. exd5 Qxd5 9. h3 e4 10. dxe4 Qxd1+ 11. Bxd1 Nxe4 12. 0-0 Rd8 13. Bc2 Bf5 14. Bxe4 Bxe4 15. Nbd2 Bd5 16. a3 Bd6 17. b4 Ne5 18. Nd4 Nd3 19. c4 Be5 20. cxd5 Bxd4 21. Rb1 Rxd5 22. Nf3 Nxc1 23. Rbxc1 Bb6 24. a4 c6 25. Rfe1 Kf8 26. Re5 Rad8 27. Rxd5 Rxd5 28. g4 Bc7 29. Rc4 Bd6 30. Nd4 g6 31. Nb3 b6 32. Nd4 c5 33. Nb5 cxb4 34. Nxd6 Rxd6 35. Rxb4 Ke7 36. Re4+ Kd7 37. f4 Re6 38. Rd4+ Kc7 39. Kf2 a5 40. Kf3 g5 41. Rc4+ Kd7 42. Rd4+ Rd6 43. Rxd6+ Kxd6 44. fxg5 hxg5 45. Ke4 Kc5 46. Kf5 b5 47. axb5 a4 48. Kxg5 a3 49. h4 a2 50. h5 0-1